Statistics for General Knowledge Quiz #166

Click here to take the quiz!

General Stats

  • This quiz has been taken 44,419 times
  • The average score is 12 of 20

Answer Stats

QuestionAnswer% Correct
What is 53?125
88%
What country has the most people named Dmitry?Russia
87%
What mountain range do buildings known as "chalets" come from?The Alps
83%
What country is also know as Cote d'Ivoire?Ivory Coast
79%
What are helium, neon, argon, krypton, xenon, and radon known as?{Noble} Gasses
78%
Who was the lead singer of the Police?Sting
75%
What major European city is named after the goddess of wisdom?Athens
71%
What critically-panned, but highly profitable movie series starred
Megan Fox and Shia LaBeouf?
Transformers
69%
In what English county would you find Sherwood Forest?Nottinghamshire
61%
What does the German word "Bitte" mean?Please
57%
What is made in your lacrimal ducts?Tears
54%
What soft drink, invented in Texas, claims to have 23 flavors?Dr Pepper
51%
What event is known in France as "la Coupe du monde”?The World Cup
51%
Three men in a tub sailed out to sea. One was a baker. One was a butcher.
Who was the other?
{Candlestick} Maker
50%
What river do the Ruhr, Main, and Moselle rivers flow into?Rhine
50%
What country do most Coptic Christians come from?Egypt
45%
What type of wood rhymes with "chic"?Teak
37%
Who, according to legend, gave Robert Johnson and Niccolò Paganini
their musical powers?
The Devil
30%
What was the last year that was divisible by four that wasn't a leap year?1900
18%
Hawaiians call it Pahoehoe and Aa. What do most people call it?Lava
16%

Score Distribution

Percentile by Number Answered

Percent of People with Each Score

Your Score History

You have not taken this quiz